000 00469nam a2200181 a 4500
005 20230202063638.0
008 021023s1973 mx r 000 0 spa d
035 _aUPN01000120410
049 _aCG
050 4 _aBF311
_bP6.2
100 1 _aPosner, I. Michael
245 1 0 _aCognition :
_ban introduction /
_cMichael I. Posner.
260 _aUSA :
_bScott, Foresman,
_c1973.
300 _a208 p.
500 _aFotocopias
650 4 _aCognición
_96446
905 _aLibro
999 _c92744
_d92744